Tennyson : (Record no. 9797)

MARC details
000 -LEADER
fixed length control field 01851nam a22002417a 4500
001 - CONTROL NUMBER
control field 9797
003 - CONTROL NUMBER IDENTIFIER
control field FISKH
005 - DATE AND TIME OF LATEST TRANSACTION
control field 20260225161416.0
008 - FIXED-LENGTH DATA ELEMENTS--GENERAL INFORMATION
fixed length control field 260225b cb ||||| |||| 00| 0 eng d
020 ## - INTERNATIONAL STANDARD BOOK NUMBER
International Standard Book Number 9781400041879
040 ## - CATALOGING SOURCE
Original cataloging agency FISKH
Language of cataloging eng
Transcribing agency FISKH
Modifying agency FISKH
050 ## - LIBRARY OF CONGRESS CALL NUMBER
Classification number PR5551
082 ## - DEWEY DECIMAL CLASSIFICATION NUMBER
Classification number 821.8
100 ## - MAIN ENTRY--PERSONAL NAME
Personal name Tennyson , Lord Alfred
245 ## - TITLE STATEMENT
Title Tennyson :
Remainder of title Poems : Everyman's Library Pocket Poets /
Statement of responsibility, etc. By Lord Alfred Tennyson
260 ## - PUBLICATION, DISTRIBUTION, ETC.
Place of publication, distribution, etc. New York :
Name of publisher, distributor, etc. Everyman’s Library Pocket Poets ,
Date of publication, distribution, etc. 2004.
300 ## - PHYSICAL DESCRIPTION
Extent 255 pages :
Other physical details illustrations ;
Dimensions 16 cm .
520 ## - SUMMARY, ETC.
Summary, etc. Fiction. Poetry. HTML:Alfred, Lord Tennyson was a more complex writer than his status as Queen Victoria� s favorite poet might suggest. Though capable of rendering rapture and delight in the most exquisite verse, in another mode Tennyson is brother in spirit to Poe and Baudelaire, the author of dark, passionate reveries. And though he treasured poetic tradition, his work nevertheless engaged directly with the great issues of his time, from industrialization and the crisis of faith to scientific progress and women’s rights. A master of the short, intense lyric, he can also be sardonic, humorous, voluptuous, earthy, and satirical.<br/>This collection includes, of course, such famous poems as “The Lady of Shalott” and “The Charge of the Light Brigade.” There are extracts from all the major masterpieces—“Idylls of the King,” “The Princess,” “In Memoriam”—and several complete long poems, such as “Ulysses” and “Demeter and Persephone,” that demonstrate his narrative grace. Finally, there are many of the short lyrical poems, such as “Come into the Garden, Maud” and “Break, Break, Break,” for which he is justly celebrated.
650 ## - SUBJECT ADDED ENTRY--TOPICAL TERM
Topical term or geographic name entry element Poetry
Form subdivision Fiction
700 ## - ADDED ENTRY--PERSONAL NAME
Personal name Willberg , Peter B
Relator term Typographer
942 ## - ADDED ENTRY ELEMENTS (KOHA)
Source of classification or shelving scheme Dewey Decimal Classification
Koha item type Books
Suppress in OPAC No
Holdings
Withdrawn status Lost status Source of classification or shelving scheme Damaged status Not for loan Collection Home library Current library Shelving location Date acquired Total Checkouts Full call number Barcode Date last seen Price effective from Koha item type
    Dewey Decimal Classification     Fiction Footprints International School Library Network Toul Tom Poung Campus Footprints International School Library Network Toul Tom Poung Campus TTP Secondary Fiction Bookshelves 02/25/2026   TEN 821.8 PR5551 2026-0270 02/25/2026 02/25/2026 Books